000 00495nam a2200181Ia 4500
008 090124s9999 xx 000 0 und d
082 _b5151
_a401
100 _aखांडेकर वि.स.
245 _a दोन ध्रुव
250 _a1
260 _c1934
300 _a263
600 _aखांडेकर वि.स.
630 _a दोन ध्रुव
700 _aखांडेकर वि.स.
730 _a दोन ध्रुव
942 _cBOOK
999 _c119092
_d119092